<?xml version="1.0" encoding="UTF-8"?><?xml-stylesheet type="text/xsl" href="static/style.xsl"?><OAI-PMH xmlns="http://www.openarchives.org/OAI/2.0/" xmlns:xsi="http://www.w3.org/2001/XMLSchema-instance" xsi:schemaLocation="http://www.openarchives.org/OAI/2.0/ http://www.openarchives.org/OAI/2.0/OAI-PMH.xsd"><responseDate>2026-06-01T05:31:42Z</responseDate><request verb="GetRecord" identifier="oai:riuma.uma.es:10630/45394" metadataPrefix="marc">https://riuma.uma.es/rest/oai/request</request><GetRecord><record><header><identifier>oai:riuma.uma.es:10630/45394</identifier><datestamp>2026-02-13T00:45:53Z</datestamp><setSpec>com_10630_2254</setSpec><setSpec>col_10630_37956</setSpec></header><metadata><record xmlns="http://www.loc.gov/MARC21/slim" xmlns:dcterms="http://purl.org/dc/terms/" xmlns:doc="http://www.lyncode.com/xoai" xmlns:xsi="http://www.w3.org/2001/XMLSchema-instance" xsi:schemaLocation="http://www.loc.gov/MARC21/slim http://www.loc.gov/standards/marcxml/schema/MARC21slim.xsd">
   <leader>00925njm 22002777a 4500</leader>
   <datafield ind2=" " ind1=" " tag="042">
      <subfield code="a">dc</subfield>
   </datafield>
   <datafield ind2=" " ind1=" " tag="720">
      <subfield code="a">Ramírez-Arlandi, Juan</subfield>
      <subfield code="e">author</subfield>
   </datafield>
   <datafield ind2=" " ind1=" " tag="260">
      <subfield code="c">2009</subfield>
   </datafield>
   <datafield ind2=" " ind1=" " tag="520">
      <subfield code="a">En este capítulo, el profesor Juan Ramírez Arlandi describe esta segunda edición corregida y aumentada en vista de la inglesa de 1883 que el traductor vierte al castellano con notas y observaciones, y sitúa la figura de Siro García del Mazo y su labor en el marco más amplio de la recepción de Spencer en España (Acuña-Partal y Rodríguez-Espinosa 2009: xvi).</subfield>
   </datafield>
   <datafield ind1="8" ind2=" " tag="024">
      <subfield code="a">Ramírez-Arlandi, Juan (2009) "Estudio y edición traductológica digital de 'De la educación intelectual, moral y física', de Herbert Spencer, en traducción de Siro García del Mazo, Madrid, Librería de Victoriano Suárez, 1884". En Acuña-Partal, Carmen y Marcos Rodríguez-Espinosa (eds.) (2009) Archivo y edición digital de textos literarios y ensayísticos traducidos al español y tratados sobre traducción del siglo XIX. Granada: Atrio. 1-170</subfield>
   </datafield>
   <datafield ind1="8" ind2=" " tag="024">
      <subfield code="a">9788496101647</subfield>
   </datafield>
   <datafield ind1="8" ind2=" " tag="024">
      <subfield code="a">https://hdl.handle.net/10630/45394</subfield>
   </datafield>
   <datafield tag="653" ind2=" " ind1=" ">
      <subfield code="a">Spencer, Herbert (1820-1903) - Traducción al español</subfield>
   </datafield>
   <datafield tag="653" ind2=" " ind1=" ">
      <subfield code="a">García del Mazo, Siro (1850-1911)</subfield>
   </datafield>
   <datafield tag="653" ind2=" " ind1=" ">
      <subfield code="a">Traducción - Historia</subfield>
   </datafield>
   <datafield ind2="0" ind1="0" tag="245">
      <subfield code="a">Estudio y edición traductológica digital de 'De la educación intelectual, moral y física', de Herbert Spencer, en traducción de Siro García del Mazo, Madrid, Librería de Victoriano Suárez, 1884</subfield>
   </datafield>
</record>
</metadata></record></GetRecord></OAI-PMH>